[Event "Staufer op 15th"]
[Site "Schwaebisch Gmuend"]
[Date "2003.01.04"]
[Round "7"]
[White "Namyslo, Holger"]
[Black "Kapic, Ibrahim"]
[Result "0-1"]
[WhiteElo "2298"]
[BlackElo "2200"]
[PlyCount "118"]
[EventDate "2003.01.02"]
[EventType "swiss"]
[EventRounds "9"]
[EventCountry "GER"]
[SourceTitle "EXT 2004"]
[Source "ChessBase"]
[SourceDate "2003.11.25"]
[SourceVersion "1"]
[SourceVersionDate "2003.11.25"]
[SourceQuality "1"]

1. e4 e5 2. Nf3 Nc6 3. Bb5 Nf6 4. 0-0 Nxe4 5. d4 Be7 6. Qe2 d5 7. Nxe5 Bd7 8. Nxd7 Nxd4 9. Qd3 Nxb5 10. Qxd5 c6 11. Qxe4 Qxd7 12. Re1 0-0 13. Qxe7 Rae8 14. Qb4 Nd4 15. Na3 Qg4 16. Kh1 Nxc2 17. Qxf8+ Kxf8 18. Nxc2 Rxe1+ 19. Nxe1 Qd1 20. g3 Qxe1+ 21. Kg2 Qe5 22. a4 h6 23. a5 Qe4+ 24. Kg1 Qe1+ 25. Kg2 Kg8 26. h4 Kh7 27. Kf3 Kg6 28. Kg2 Kf5 29. b4 Qe4+ 30. Kg1 Kg4 31. Bb2 Kh3 32. Kf1 f6 33. Rc1 Qxb4 34. Bc3 Qc4+ 35. Ke1 Qe4+ 36. Kd2 Kg2 37. Re1 Qd5+ 38. Kc2 b6 39. axb6 axb6 40. Re7 Qf5+ 41. Kd2 Qxf2+ 42. Re2 Qxe2+ 43. Kxe2 Kxg3 44. Be1+ Kg4 45. Bf2 b5 46. Bc5 g5 47. hxg5 fxg5 48. Kf2 Kh3 49. Kg1 h5 50. Kh1 Kg3 51. Be7 g4 52. Kg1 Kf3 53. Kh2 Kf4 54. Bf8 Ke4 55. Kg3 Kd5 56. Kh4 c5 57. Bh6 b4 58. Kxh5 b3 59. Bc1 g3 0-1

[Event "Staufer op 15th"]
[Site "Schwaebisch Gmuend"]
[Date "2003.01.03"]
[Round "3"]
[White "Bunzmann, Dimitrij"]
[Black "Kapic, Ibrahim"]
[Result "1-0"]
[WhiteElo "2498"]
[BlackElo "2200"]
[PlyCount "103"]
[EventDate "2003.01.02"]
[EventType "swiss"]
[EventRounds "9"]
[EventCountry "GER"]
[SourceTitle "EXT 2004"]
[Source "ChessBase"]
[SourceDate "2003.11.25"]
[SourceVersion "1"]
[SourceVersionDate "2003.11.25"]
[SourceQuality "1"]

1. d4 d5 2. c4 c6 3. Nc3 Nf6 4. cxd5 cxd5 5. Bf4 Nc6 6. e3 Bf5 7. f3 e6 8. g4 Bg6 9. Qb3 Qd7 10. h4 h5 11. g5 Ng8 12. Kf2 Bd6 13. Bxd6 Qxd6 14. Qxb7 Rb8 15. Nb5 Qd7 16. Qxd7+ Kxd7 17. b3 Nge7 18. Nc3 Nf5 19. Bb5 Rhc8 20. Nge2 Ke7 21. Rhc1 Nb4 22. a3 Rxb5 23. axb4 Rb7 24. Nxd5+ Kd8 25. Rxc8+ Kxc8 26. Ndf4 Rxb4 27. e4 Nxd4 28. Nxd4 Rxd4 29. Nxg6 fxg6 30. Rxa7 e5 31. Rxg7 Rd6 32. Re7 Rb6 33. Rxe5 Kd7 34. Rd5+ Ke6 35. Rd3 Rc6 36. Rd4 Rc1 37. Rb4 Rh1 38. Rb6+ Kf7 39. Rb7+ Kg8 40. Kg3 Rg1+ 41. Kh2 Rf1 42. Kg2 Rb1 43. b4 Rb2+ 44. Kg3 Rb1 45. b5 Rg1+ 46. Kh2 Rb1 47. b6 Rb5 48. Kg3 Kh8 49. Rf7 Kg8 50. Rf6 Kg7 51. Rc6 Kf7 52. Rc7+ 1-0

[Event "Velika Gorica op 3rd"]
[Site "Velika Gorica"]
[Date "2003.??.??"]
[Round "8"]
[White "Mihalinec, Damir"]
[Black "Kapic, Ibrahim"]
[Result "0-1"]
[WhiteElo "2208"]
[BlackElo "2200"]
[PlyCount "120"]
[EventDate "2003.08.??"]
[EventType "swiss"]
[EventRounds "9"]
[EventCountry "CRO"]
[SourceTitle "EXT 2005"]
[Source "ChessBase"]
[SourceDate "2004.11.15"]
[SourceVersion "1"]
[SourceVersionDate "2004.11.15"]
[SourceQuality "1"]

1. e4 e5 2. Nf3 Nc6 3. Bb5 Nf6 4. d3 d6 5. 0-0 g6 6. c3 Bg7 7. Re1 0-0 8. Nbd2 Nd7 9. Nf1 Nb6 10. d4 Bg4 11. Bxc6 bxc6 12. dxe5 Bxe5 13. Ne3 Bxf3 14. Qxf3 Qf6 15. Qh3 Qe6 16. Qf3 Qf6 17. Qe2 h5 18. g3 Qe7 19. f4 Bg7 20. Qg2 Rae8 21. Nc2 Qe6 22. a4 a5 23. h3 f5 24. exf5 Qxf5 25. Be3 c5 26. Kh2 Qe4 27. Qf2 Qc6 28. Na3 Re4 29. Nb1 Rxa4 30. Nd2 Rxa1 31. Rxa1 a4 32. Nf3 Bf6 33. g4 hxg4 34. hxg4 Re8 35. g5 Bg7 36. Nh4 Qe4 37. Ng2 Qd3 38. Qf3 Qe4 39. Kg3 Qxf3+ 40. Kxf3 Ra8 41. Nh4 Kf7 42. f5 gxf5 43. Nxf5 Be5 44. Rh1 Rh8 45. Rg1 Kg6 46. Kg4 Nd5 47. Bc1 Rh7 48. Rf1 Ne7 49. Nh6 Bg7 50. Re1 Bxh6 51. gxh6 Rf7 52. Re6+ Kh7 53. Re4 Ng8 54. Rxa4 Nxh6+ 55. Kg3 Kg6 56. Bf4 Nf5+ 57. Kf3 Re7 58. Ra8 Kf6 59. Rg8 Nh4+ 60. Kg4 Re4 0-1

[Event "Boeblingen op 19th"]
[Site "Boeblingen"]
[Date "2002.12.29"]
[Round "7"]
[White "Kapic, Ibrahim"]
[Black "Seidel, Michael"]
[Result "1-0"]
[WhiteElo "2215"]
[BlackElo "2097"]
[PlyCount "53"]
[EventDate "2002.12.26"]
[EventType "swiss"]
[EventRounds "9"]
[EventCountry "GER"]
[SourceTitle "EXT 2004"]
[Source "ChessBase"]
[SourceDate "2003.11.25"]
[SourceVersion "1"]
[SourceVersionDate "2003.11.25"]
[SourceQuality "1"]

1. e4 d6 2. d4 Nf6 3. Nc3 g6 4. Nf3 Bg7 5. Be2 0-0 6. 0-0 Bg4 7. Be3 Nc6 8. d5 Nb8 9. h3 Bxf3 10. Bxf3 Nbd7 11. Qd2 c6 12. Rad1 Qc7 13. Be2 a6 14. a4 Rac8 15. Bd4 cxd5 16. exd5 Rfe8 17. Qe3 e5 18. dxe6 fxe6 19. Qd2 d5 20. Bf3 Qc6 21. Rfe1 b5 22. axb5 axb5 23. Re2 Nb6 24. b3 Nbd7 25. Rde1 Nc5 26. Bxf6 Bxf6 27. Nxd5 1-0